AHMAD IBRAHIM : (Record no. 178970)
[ view plain ]
| 000 -LEADER | |
|---|---|
| fixed length control field | 01312pam a22003491i 4500 |
| 001 - CONTROL NUMBER | |
| control field | vtls000872784 |
| 003 - CONTROL NUMBER IDENTIFIER | |
| control field | PNM |
| 005 - DATE AND TIME OF LATEST TRANSACTION | |
| control field | 20200914115823.0 |
| 008 - FIXED-LENGTH DATA ELEMENTS--GENERAL INFORMATION | |
| fixed length control field | 190308s2018 my e a001 0 may |
| 015 ## - NATIONAL BIBLIOGRAPHY NUMBER | |
| National bibliography number | M201-00332 |
| 020 ## - INTERNATIONAL STANDARD BOOK NUMBER | |
| International Standard Book Number | 9789832718734 |
| Qualifying information | hardback |
| Terms of availability | RM 120.00 |
| 039 #9 - LEVEL OF BIBLIOGRAPHIC CONTROL AND CODING DETAIL [OBSOLETE] | |
| Level of rules in bibliographic description | 202005121354 |
| Level of effort used to assign nonsubject heading access points | fatin_e |
| Level of effort used to assign subject headings | 202001311138 |
| Level of effort used to assign classification | yasmin |
| Level of effort used to assign subject headings | 201903131502 |
| Level of effort used to assign classification | amy_z |
| Level of effort used to assign subject headings | 201903131457 |
| Level of effort used to assign classification | amy_z |
| 040 ## - CATALOGING SOURCE | |
| Original cataloging agency | BNM |
| Language of cataloging | eng |
| Transcribing agency | BNM |
| Description conventions | rda |
| Modifying agency | PPAK |
| 049 ## - LOCAL HOLDINGS (OCLC) | |
| Holding library | mal |
| 082 04 - DEWEY DECIMAL CLASSIFICATION NUMBER | |
| Classification number | 923.4595 |
| Edition number | 23 |
| 090 00 - LOCALLY ASSIGNED LC-TYPE CALL NUMBER (OCLC); LOCAL CALL NUMBER (RLIN) | |
| Classification number (OCLC) (R) ; Classification number, CALL (RLIN) (NR) | 923.4595 |
| Feature heading | AHM |
| Feature heading | G |
| 245 00 - TITLE STATEMENT | |
| Title | AHMAD IBRAHIM : |
| Remainder of title | Sahsiah, Pemikiran & Sumbangan Ilmiah / |
| Statement of responsibility, etc. | Penyunting SITI SHAMSIAH BINTI MD SUPI ; Kata Pengantar oleh Tun Ahmad Fairuz bin Sheikh Abdul Halim dan Tun Ahmad Sarji bin Abdul Hamid |
| 264 #1 - PRODUCTION, PUBLICATION, DISTRIBUTION, MANUFACTURE, AND COPYRIGHT NOTICE | |
| Place of production, publication, distribution, manufacture | Kuala Lumpur : |
| Name of producer, publisher, distributor, manufacturer | Penerbit IKIM, |
| Date of production, publication, distribution, manufacture, or copyright notice | [2019] |
| 300 ## - PHYSICAL DESCRIPTION | |
| Extent | xxxviii, 516 pages ; |
| Dimensions | 23 cm |
| 336 ## - CONTENT TYPE | |
| Content type term | text |
| Source | rdacontent |
| 337 ## - MEDIA TYPE | |
| Media type term | unmediated |
| Source | rdamedia |
| 338 ## - CARRIER TYPE | |
| Carrier type term | volume |
| Source | rdacarrier |
| 500 ## - GENERAL NOTE | |
| General note | Includes index |
| 504 ## - BIBLIOGRAPHY, ETC. NOTE | |
| Bibliography, etc. note | Bibliography: pages 491-509 |
| 600 04 - SUBJECT ADDED ENTRY--PERSONAL NAME | |
| Personal name | Ahmad Mohamed Ibrahim, |
| Titles and other words associated with a name | Tan Sri Datuk Prof., |
| Dates associated with a name | 1916-1999 |
| 650 10 - SUBJECT ADDED ENTRY--TOPICAL TERM | |
| Topical term or geographic name entry element | Lawyers |
| Geographic subdivision | Malaysia |
| Form subdivision | Biography |
| Topical term or geographic name entry element | Educators |
| Geographic subdivision | Malaysia |
| Form subdivision | Biography |
| Topical term or geographic name entry element | Government publications |
| Geographic subdivision | Malaysia |
| 700 0# - ADDED ENTRY--PERSONAL NAME | |
| Personal name | Siti Shamsiah Md. Supi, |
| Relator term | editor. |
| Personal name | Mohd. Farid Mohd. Shahran, |
| Relator term | editor. |
| 942 ## - ADDED ENTRY ELEMENTS (KOHA) | |
| Source of classification or shelving scheme | Dewey Decimal Classification |
| Koha item type | Book |
| Withdrawn | Not for loan | Current library | Shelving location | Date acquired | Full call number | Barcode | Date last seen | Koha item type | Total Checkouts | Date last checked out |
|---|---|---|---|---|---|---|---|---|---|---|
| Perpustakaan Alor Setar | Pinjaman Dewasa | 04/10/2020 | 923.4595 AHM | A01649078 | 04/10/2020 | Book | ||||
| Perpustakaan Awam Sungai Petani | Pinjaman Dewasa | 04/10/2020 | 923.4595 AHM | A01649079 | 04/10/2020 | Book | ||||
| Perpustakaan Baling | Pinjaman Dewasa | 04/10/2020 | 923.4595 AHM | A01649083 | 04/10/2020 | Book | ||||
| Perpustakaan Bandar Baharu | Pinjaman Dewasa | 04/10/2020 | 923.4595 AHM | A01649084 | 13/03/2022 | Book | 1 | 21/02/2022 | ||
| Perpustakaan Jitra | Pinjaman Dewasa | 04/10/2020 | 923.4595 AHM | A01649080 | 04/10/2020 | Book | ||||
| Perpustakaan Kulim | Pinjaman Dewasa | 04/10/2020 | 923.4595 AHM | A01649082 | 07/08/2023 | Book | 4 | 04/07/2023 | ||
| Perpustakaan Langkawi | Pinjaman Dewasa | 04/10/2020 | 923.4595 AHM | A01649081 | 04/10/2020 | Book |